Reimagining historic inner city market areas as means of urban rejuvenation: Mysore market as the focus (Record no. 9352)

000 -LEADER
fixed length control field 00651nam a22001817a 4500
008 - FIXED-LENGTH DATA ELEMENTS--GENERAL INFORMATION
fixed length control field 210406b ||||| |||| 00| 0 eng d
040 ## - CATALOGING SOURCE
Original cataloging agency BMS College of Architecture
100 ## - MAIN ENTRY--PERSONAL NAME
Personal name Prasad, R Sindhushree
245 ## - TITLE STATEMENT
Title Reimagining historic inner city market areas as means of urban rejuvenation: Mysore market as the focus
300 ## - PHYSICAL DESCRIPTION
Extent 126p.
500 ## - GENERAL NOTE
General note 1CF17AHD13
502 ## - DISSERTATION NOTE
Degree type M.Arch (Habitat Design)
Name of granting institution BMS College of Architecture, Visvesvaraya Technological University
Dissertation note Dissertation
Year degree granted 2019
650 ## - SUBJECT ADDED ENTRY--TOPICAL TERM
Topical term or geographic name as entry element City Market
700 ## - ADDED ENTRY--PERSONAL NAME
Personal name Rachana D R
Relator term Guide
700 ## - ADDED ENTRY--PERSONAL NAME
Personal name Pooja S
Relator term Guide
700 ## - ADDED ENTRY--PERSONAL NAME
Personal name Sadashiv Chakravarthy
Relator term Guide
942 ## - ADDED ENTRY ELEMENTS (KOHA)
Source of classification or shelving scheme
Koha item type PG-Thesis and Dissertations
Holdings
Withdrawn status Lost status Source of classification or shelving scheme Damaged status Not for loan Permanent Location Current Location Date acquired Total Checkouts Barcode Date last seen Date checked out Koha item type
          BMS College of Architecture, Design and Planning BMS College of Architecture, Design and Planning 2021-04-06 1 AR-PGP13 2023-05-16 2023-05-02 PG-Thesis and Dissertations
Copyright © 2025, The Librarian, Library and Information Centre, BMSCA D&P, Bengaluru. All Rights Reserved
web counter

Powered by Koha